Povinnosti podnikateľa a zamestnávateľa.

Saved in:
Bibliographic Details
Format: Book
Language:Slovak
Published: Bratislava : Komapol 2010
Edition:[1. vyd.]
Series:Podnikanie a zamestnanie na Slovensku 5
Subjects:
ISBN:9788096912179
Online Access: Get full text
Tags: Add Tag
No Tags, Be the first to tag this record!

MARC

LEADER 00000nam a2200000 4500
003 SK-BrCVT
005 20220617224628.0
008 100809s2010 xo e ||||||slo d
020 |a 9788096912179 
035 |a CVTIDW0001700 
040 |b slo  |a CVTI SR  |e AACR2 
041 0 |a slo 
044 |a xo 
080 |a 658.114  |2 UDC-MRF 
080 |a 336.22  |2 UDC-MRF 
080 |a 331.106  |2 UDC-MRF 
245 1 0 |a Povinnosti podnikateľa a zamestnávateľa. 
250 |a [1. vyd.] 
260 |c 2010  |a Bratislava :  |b Komapol 
300 |a 103 s. :  |b lit., tab. ; 
490 0 |a Podnikanie a zamestnanie na Slovensku  |v 5 
653 1 |a daňový systém 
653 1 |a pracovnoprávny vzťah 
653 1 |a trh práce 
653 1 |a minimálna mzda 
910 |b A611314 
919 |a 978-80-969121-7-9 
959 |a 03 
974 |a Jelinkova  |f Knihy 
992 |a APH 
999 |c 157830  |d 157830